Najnovšia Smernica OECD o transferovom oceňovaní a poskytovanie služieb
Zhrnutie právneho zakotvenia služieb v slovenských pravidlách transferového oceňovania a samotného poskytovania vnútroskupinových služieb, tak ako sú vymedzené v VII. kapitole novej Smernice OECD.
Na minha lista:
| Autor principal: | |
|---|---|
| Formato: | Capítulo de Livro |
| Idioma: | eslovaco |
| Assuntos: | |
| Tags: |
Sem tags, seja o primeiro a adicionar uma tag!
|
MARC
| LEADER | 00000naa a2200000 4500 | ||
|---|---|---|---|
| 001 | 0247778 | ||
| 005 | 20180919112359.8 | ||
| 041 | 0 | |a slo | |
| 044 | |a SK | ||
| 245 | 1 | 0 | |a Najnovšia Smernica OECD o transferovom oceňovaní a poskytovanie služieb |c Michal Kočiš |
| 520 | |a Zhrnutie právneho zakotvenia služieb v slovenských pravidlách transferového oceňovania a samotného poskytovania vnútroskupinových služieb, tak ako sú vymedzené v VII. kapitole novej Smernice OECD. | ||
| 610 | 2 | 0 | |a smernice |
| 610 | 2 | 0 | |a OECD |
| 610 | 2 | 0 | |a oceňovanie transferové |
| 610 | 2 | 0 | |a poriadok právny |
| 610 | 2 | 0 | |a Slovensko |
| 610 | 2 | 0 | |a služby |
| 610 | 2 | 0 | |a osoby závislé |
| 100 | 1 | |a Kočiš, Michal | |